Interpretación literal del Génesis
Saved in:
| Hovedforfatter: | |
|---|---|
| Format: | Bog |
| Sprog: | spansk |
| Udgivet: |
Barañain
Universidad de Navarra
2006
|
| Udgivelse: | 1a. ed |
| Fag: | |
| Tags: |
Tilføj Tag
Ingen Tags, Vær først til at tagge denne postø!
|
MARC
| LEADER | 00000nam a2200000 a 4500 | ||
|---|---|---|---|
| 001 | UCJ9459 | ||
| 003 | CL-VaPUC | ||
| 008 | 070316e20060000SP |||||||||||||||||spa|d | ||
| 020 | |a 8431323949 | ||
| 082 | 0 | 4 | |a 189.2 |b AGU |2 21 |
| 100 | 0 | |a San Agustín, Obispo de Hipona |e author |9 319204 | |
| 245 | 1 | 0 | |a Interpretación literal del Génesis |
| 250 | |a 1a. ed | ||
| 300 | |a 347 p | ||
| 942 | |c BK | ||
| 945 | |d 20070316 00:00:00 |a lvergara | ||
| 260 | |a Barañain |b Universidad de Navarra |c 2006 | ||
| 600 | 0 | |a Agustín de Hipona |c Santo |d 354-430 |9 315524 | |
| 650 | 0 | |a Génesis |9 334078 | |
| 650 | 0 | |a Antiguo testamento |9 313678 | |
| 583 | |a last modification |c 20070316 00:00:00 |k Rodrigo Vera | ||
| 999 | |c 324981 |d 324979 | ||
| 952 | |0 0 |1 0 |4 0 |6 189_200000000000000_AGU_2006 |7 0 |8 A |9 405407 |a BIBEDU |b BIBEDU |d 2019-11-22 |i 4323890 |l 2 |m 1 |o 189.2 AGU 2006 |p 4323890 |r 2024-10-04 |s 2024-10-01 |w 2019-11-22 |y BK |k FIL | ||